| 000 | 00618cam a22002293a 4500 | ||
|---|---|---|---|
| 001 | 31501 | ||
| 003 | PGUSA | ||
| 005 | 20140828083700.0 | ||
| 008 | 100304s2010||||xxu|||||s|||||000 1 eng d | ||
| 040 |
_aPGUSA _beng |
||
| 042 | _adc | ||
| 050 | 4 | _aPS | |
| 100 | 1 |
_aAnderson, Poul, _d1926-2001 |
|
| 245 | 1 | 4 |
_aThe Sensitive Man _h[electronic resource] / _cPoul Anderson |
| 260 |
_bProject Gutenberg, _c2010 |
||
| 506 | _aPublic domain in the USA. | ||
| 516 | _aElectronic text | ||
| 653 | _aScience fiction | ||
| 830 | 0 |
_aProject Gutenberg _v31501 |
|
| 856 | 4 | 0 | _uhttp://www.gutenberg.org/ebooks/31501 |
| 942 | _cEB | ||
| 999 |
_c260756 _d260756 |
||